00780cam a22002172 4500001001100000005001700011008004100028020002800069040001500097050002400112100004600136245010200182250001300284260004900297300004000346440005700386500002000443650003300463700003400496700003200530000000222220151021151056.0070404s xx 000 0 eng d a8120323548 :cKES 1,040 aKABUcKABU 0aHF5686b.C8H67 20031 aHorngren, Charles T.,d1926-.@000015149810aCost accounting :ba managerial emphasis /cCharles T. Horngren, George Foster, Srikant M. Datar. a11th ed. aNew Delhi :bPrentice Hall of India,cc2003. axxiv, 856 p. :bcol. ill. ;c28 cm. 0aCharles T. Horngren series in accounting@0000151870 aIncludes index. 0aCost accounting.@00001514971 aDatar, Srikant M.@00001514991 aFoster, George.@0000151500